[Event "Chessable Masters - Torneo preliminare"]
[White "Firouzja, Alireza"]
[Black "Oparin, Grigoriy"]
[WhiteFideId "12573981"]
[BlackFideId "24125890"]
[WhiteElo "2745"]
[BlackElo "2650"]
[Result "1-0"]
[Round "3"]
[TimeControl "600+2"]
[Date "2023.03.13"]
[WhiteClock "0:03:48"]
[BlackClock "0:01:33"]

1. e4 {[%clk 0:09:19]}  e5 {[%clk 0:09:44]} 2. Nf3 {[%clk 0:09:18]}  Nc6 {[%clk 0:09:46]} 3. Bb5 {[%clk 0:09:17]}  a6 {[%clk 0:09:47]} 4. Ba4 {[%clk 0:09:18]}  Nf6 {[%clk 0:09:45]} 5. O-O {[%clk 0:09:19]}  Nxe4 {[%clk 0:09:46]} 6. d4 {[%clk 0:09:20]}  b5 {[%clk 0:09:47]} 7. Bb3 {[%clk 0:09:21]}  d5 {[%clk 0:09:49]} 8. dxe5 {[%clk 0:09:22]}  Be6 {[%clk 0:09:50]} 9. c3 {[%clk 0:09:23]}  Be7 {[%clk 0:09:48]} 10. Bc2 {[%clk 0:09:24]}  O-O {[%clk 0:09:49]} 11. Nbd2 {[%clk 0:09:24]}  f5 {[%clk 0:09:50]} 12. exf6 {[%clk 0:09:23]}  Nxf6 {[%clk 0:09:51]} 13. Re1 {[%clk 0:09:20]}  Bg4 {[%clk 0:09:50]} 14. Nf1 {[%clk 0:09:21]}  Bc5 {[%clk 0:09:31]} 15. Bf4 {[%clk 0:09:19]}  Qd7 {[%clk 0:09:08]} 16. Ne3 {[%clk 0:08:22]}  Bxe3 {[%clk 0:08:44]} 17. Rxe3 {[%clk 0:07:30]}  Rae8 {[%clk 0:08:44]} 18. Rxe8 {[%clk 0:06:34]}  Nxe8 {[%clk 0:08:41]} 19. Bg3 {[%clk 0:06:17]}  Bxf3 {[%clk 0:08:37]} 20. gxf3 {[%clk 0:06:18]}  Nf6 {[%clk 0:08:38]} 21. Qd3 {[%clk 0:06:14]}  Re8 {[%clk 0:08:32]} 22. Kg2 {[%clk 0:06:03]}  Ne5 {[%clk 0:07:56]} 23. Qd4 {[%clk 0:06:02]}  Nc4 {[%clk 0:07:27]} 24. b3 {[%clk 0:06:02]}  Nd6 {[%clk 0:07:26]} 25. a4 {[%clk 0:05:48]}  Qc6 {[%clk 0:05:15]} 26. Bd3 {[%clk 0:05:38]}  bxa4 {[%clk 0:05:03]} 27. Rxa4 {[%clk 0:04:49]}  Nb5 {[%clk 0:05:04]} 28. Qb4 {[%clk 0:04:48]}  Qxc3 {[%clk 0:04:46]} 29. Qxc3 {[%clk 0:04:48]}  Nxc3 {[%clk 0:04:47]} 30. Rxa6 {[%clk 0:04:50]}  Rb8 {[%clk 0:03:43]} 31. Bxc7 {[%clk 0:04:47]}  Rxb3 {[%clk 0:03:44]} 32. Bf5 {[%clk 0:04:48]}  Kf7 {[%clk 0:03:07]} 33. Be5 {[%clk 0:04:31]}  Nb5 {[%clk 0:03:07]} 34. Rb6 {[%clk 0:04:26]}  Kf8 {[%clk 0:01:48]} 35. Rb8+ {[%clk 0:04:03]}  Kf7 {[%clk 0:01:46]} 36. Rb7+ {[%clk 0:04:03]}  Kf8 {[%clk 0:01:47]} 37. Bc2 {[%clk 0:03:53]}  Rb4 {[%clk 0:01:33]} 38. Bd3 {[%clk 0:03:48]} 1-0


[Site "Internet"]

[Event "Chessable Masters - Torneo preliminare"]
[White "Alekseenko, Kirill"]
[Black "Salem, A.R. Saleh"]
[WhiteFideId "4135539"]
[BlackFideId "9301348"]
[WhiteElo "2632"]
[BlackElo "2654"]
[Result "1-0"]
[Round "3"]
[TimeControl "600+2"]
[Date "2023.03.13"]
[WhiteClock "0:01:22"]
[BlackClock "0:00:11"]

1. e4 {[%clk 0:09:58]}  e5 {[%clk 0:09:52]} 2. Nf3 {[%clk 0:09:59]}  Nc6 {[%clk 0:09:53]} 3. Bb5 {[%clk 0:09:55]}  a6 {[%clk 0:09:54]} 4. Ba4 {[%clk 0:09:51]}  Nf6 {[%clk 0:09:55]} 5. Bxc6 {[%clk 0:09:40]}  dxc6 {[%clk 0:09:55]} 6. d3 {[%clk 0:09:41]}  Bd6 {[%clk 0:09:35]} 7. b3 {[%clk 0:09:40]}  O-O {[%clk 0:09:27]} 8. Bb2 {[%clk 0:09:39]}  Nd7 {[%clk 0:08:55]} 9. Nbd2 {[%clk 0:09:38]}  Re8 {[%clk 0:08:41]} 10. O-O {[%clk 0:09:38]}  a5 {[%clk 0:07:12]} 11. a4 {[%clk 0:09:37]}  c5 {[%clk 0:06:48]} 12. Nc4 {[%clk 0:09:32]}  b6 {[%clk 0:06:24]} 13. Kh1 {[%clk 0:08:57]}  Ba6 {[%clk 0:06:11]} 14. Ne3 {[%clk 0:08:47]}  Nb8 {[%clk 0:06:12]} 15. Nf5 {[%clk 0:07:52]}  Nc6 {[%clk 0:06:11]} 16. Nd2 {[%clk 0:07:53]}  Bc8 {[%clk 0:05:49]} 17. Qg4 {[%clk 0:06:51]}  g6 {[%clk 0:04:46]} 18. Qg3 {[%clk 0:06:50]}  Nd4 {[%clk 0:04:25]} 19. Bxd4 {[%clk 0:06:42]}  exd4 {[%clk 0:03:47]} 20. Nxd6 {[%clk 0:06:42]}  cxd6 {[%clk 0:03:24]} 21. Nc4 {[%clk 0:06:41]}  Re6 {[%clk 0:02:06]} 22. f4 {[%clk 0:06:41]}  Ba6 {[%clk 0:02:08]} 23. f5 {[%clk 0:05:41]}  Rf6 {[%clk 0:02:09]} 24. e5 {[%clk 0:05:17]}  dxe5 {[%clk 0:02:07]} 25. Nxe5 {[%clk 0:05:18]}  Bb7 {[%clk 0:01:16]} 26. Ng4 {[%clk 0:05:01]}  g5 {[%clk 0:01:09]} 27. Rae1 {[%clk 0:04:45]}  Kg7 {[%clk 0:01:05]} 28. Re5 {[%clk 0:03:48]}  h5 {[%clk 0:00:36]} 29. Nxf6 {[%clk 0:03:48]}  Qxf6 {[%clk 0:00:38]} 30. h4 {[%clk 0:03:49]}  g4 {[%clk 0:00:34]} 31. Kg1 {[%clk 0:03:38]}  Rd8 {[%clk 0:00:13]} 32. Rfe1 {[%clk 0:03:20]}  Rd7 {[%clk 0:00:09]} 33. Qf4 {[%clk 0:03:10]}  Qxh4 {[%clk 0:00:10]} 34. f6+ {[%clk 0:03:10]}  Kg6 {[%clk 0:00:04]} 35. Qf5+ {[%clk 0:02:01]}  Kh6 {[%clk 0:00:05]} 36. Qxd7 {[%clk 0:02:02]}  Bxg2 {[%clk 0:00:07]} 37. Qf5 {[%clk 0:01:53]}  Bf3 {[%clk 0:00:05]} 38. Qf4+ {[%clk 0:01:41]}  Kg6 {[%clk 0:00:06]} 39. Qh2 {[%clk 0:01:37]}  Qxh2+ {[%clk 0:00:08]} 40. Kxh2 {[%clk 0:01:39]}  Kxf6 {[%clk 0:00:10]} 41. Kg3 {[%clk 0:01:30]}  Kg6 {[%clk 0:00:11]} 42. Rf1 {[%clk 0:01:22]} 1-0


[Site "Internet"]

[Event "Chessable Masters - Torneo preliminare"]
[White "Kevlishvili, Robby"]
[Black "Praggnanandhaa, R"]
[WhiteFideId "1040634"]
[BlackFideId "25059530"]
[WhiteElo "2577"]
[BlackElo "2587"]
[Result "1/2-1/2"]
[Round "3"]
[TimeControl "600+2"]
[Date "2023.03.13"]
[WhiteClock "0:02:05"]
[BlackClock "0:00:28"]

1. e4 {[%clk 0:10:01]}  e5 {[%clk 0:10:00]} 2. Nf3 {[%clk 0:10:02]}  Nc6 {[%clk 0:10:01]} 3. Bb5 {[%clk 0:10:03]}  g6 {[%clk 0:09:58]} 4. c3 {[%clk 0:10:00]}  a6 {[%clk 0:09:58]} 5. Bc4 {[%clk 0:09:56]}  Bg7 {[%clk 0:09:55]} 6. d4 {[%clk 0:09:56]}  d6 {[%clk 0:09:55]} 7. Bg5 {[%clk 0:09:46]}  Nf6 {[%clk 0:09:36]} 8. Nbd2 {[%clk 0:09:38]}  O-O {[%clk 0:09:28]} 9. O-O {[%clk 0:09:38]}  Qe8 {[%clk 0:09:26]} 10. Re1 {[%clk 0:09:18]}  h6 {[%clk 0:09:24]} 11. Be3 {[%clk 0:08:21]}  Ng4 {[%clk 0:08:23]} 12. Nf1 {[%clk 0:08:20]}  Kh8 {[%clk 0:08:13]} 13. Bc1 {[%clk 0:08:13]}  Nf6 {[%clk 0:07:00]} 14. h3 {[%clk 0:08:02]}  b5 {[%clk 0:06:53]} 15. Bd3 {[%clk 0:07:59]}  Nh5 {[%clk 0:06:31]} 16. a4 {[%clk 0:07:53]}  bxa4 {[%clk 0:06:19]} 17. dxe5 {[%clk 0:06:55]}  Nxe5 {[%clk 0:06:07]} 18. Nxe5 {[%clk 0:06:24]}  Qxe5 {[%clk 0:06:06]} 19. Nh2 {[%clk 0:06:18]}  Kh7 {[%clk 0:04:32]} 20. Nf3 {[%clk 0:06:16]}  Qf6 {[%clk 0:04:32]} 21. e5 {[%clk 0:05:58]}  dxe5 {[%clk 0:04:31]} 22. Nxe5 {[%clk 0:06:00]}  Re8 {[%clk 0:04:08]} 23. Qxh5 {[%clk 0:05:16]}  Rxe5 {[%clk 0:03:48]} 24. Rxe5 {[%clk 0:05:13]}  Qxe5 {[%clk 0:03:50]} 25. Qf3 {[%clk 0:04:51]}  Rb8 {[%clk 0:01:53]} 26. Qxf7 {[%clk 0:04:36]}  Bf5 {[%clk 0:01:54]} 27. Bxf5 {[%clk 0:04:33]}  gxf5 {[%clk 0:01:53]} 28. Be3 {[%clk 0:04:28]}  c5 {[%clk 0:01:44]} 29. Rxa4 {[%clk 0:03:54]}  Rxb2 {[%clk 0:01:44]} 30. g3 {[%clk 0:03:17]}  Rb6 {[%clk 0:01:27]} 31. Rf4 {[%clk 0:02:57]}  Rf6 {[%clk 0:01:23]} 32. Qc4 {[%clk 0:02:56]}  a5 {[%clk 0:01:00]} 33. Qxc5 {[%clk 0:02:40]}  Qxc5 {[%clk 0:01:01]} 34. Bxc5 {[%clk 0:02:42]}  Ra6 {[%clk 0:00:56]} 35. Rxf5 {[%clk 0:02:31]}  Bxc3 {[%clk 0:00:52]} 36. Ba3 {[%clk 0:02:28]}  Rb6 {[%clk 0:00:47]} 37. Kg2 {[%clk 0:02:19]}  Bb4 {[%clk 0:00:34]} 38. Bc1 {[%clk 0:02:17]}  Ra6 {[%clk 0:00:31]} 39. Rf7+ {[%clk 0:02:16]}  Kg6 {[%clk 0:00:31]} 40. Rb7 {[%clk 0:02:18]}  Bf8 {[%clk 0:00:31]} 41. Rb8 {[%clk 0:02:02]}  Kf7 {[%clk 0:00:28]} 42. Rb7+ {[%clk 0:02:02]}  Kg6 {[%clk 0:00:28]} 43. Rb8 {[%clk 0:02:03]}  Kf7 {[%clk 0:00:27]} 44. Rb7+ {[%clk 0:02:05]}  Kg6 {[%clk 0:00:28]} 1/2-1/2


[Site "Internet"]

[Event "Chessable Masters - Torneo preliminare"]
[White "Aditya, Mittal"]
[Black "Fedoseev, Vladimir"]
[WhiteFideId "35042025"]
[BlackFideId "24130737"]
[WhiteElo "2386"]
[BlackElo "2752"]
[Result "0-1"]
[Round "3"]
[TimeControl "600+2"]
[Date "2023.03.13"]
[WhiteClock "0:00:04"]
[BlackClock "0:00:12"]

1. d4 {[%clk 0:10:01]}  Nf6 {[%clk 0:09:53]} 2. c4 {[%clk 0:10:03]}  e6 {[%clk 0:09:54]} 3. Nf3 {[%clk 0:10:04]}  d5 {[%clk 0:09:54]} 4. Nc3 {[%clk 0:10:06]}  c6 {[%clk 0:09:54]} 5. Bg5 {[%clk 0:10:06]}  h6 {[%clk 0:09:54]} 6. Bh4 {[%clk 0:10:04]}  Be7 {[%clk 0:09:55]} 7. e3 {[%clk 0:10:05]}  Nbd7 {[%clk 0:09:55]} 8. Qc2 {[%clk 0:10:06]}  O-O {[%clk 0:09:56]} 9. Rd1 {[%clk 0:10:08]}  a6 {[%clk 0:09:57]} 10. a3 {[%clk 0:10:04]}  b6 {[%clk 0:09:24]} 11. cxd5 {[%clk 0:09:42]}  cxd5 {[%clk 0:09:15]} 12. Bd3 {[%clk 0:09:40]}  Bb7 {[%clk 0:09:12]} 13. O-O {[%clk 0:09:42]}  Rc8 {[%clk 0:08:46]} 14. Qe2 {[%clk 0:09:41]}  Bxa3 {[%clk 0:08:19]} 15. Nxd5 {[%clk 0:09:16]}  exd5 {[%clk 0:07:53]} 16. bxa3 {[%clk 0:09:17]}  g5 {[%clk 0:07:36]} 17. Bg3 {[%clk 0:09:09]}  Ne4 {[%clk 0:07:35]} 18. Rc1 {[%clk 0:08:59]}  b5 {[%clk 0:07:30]} 19. h4 {[%clk 0:08:29]}  Qe7 {[%clk 0:07:15]} 20. hxg5 {[%clk 0:07:48]}  hxg5 {[%clk 0:07:13]} 21. Bc7 {[%clk 0:06:24]}  Ndf6 {[%clk 0:06:58]} 22. Be5 {[%clk 0:06:17]}  Ng4 {[%clk 0:06:55]} 23. Rxc8 {[%clk 0:04:16]}  Bxc8 {[%clk 0:06:05]} 24. Bh2 {[%clk 0:03:47]}  f6 {[%clk 0:05:51]} 25. Bxe4 {[%clk 0:02:15]}  dxe4 {[%clk 0:05:45]} 26. Nd2 {[%clk 0:02:16]}  f5 {[%clk 0:04:01]} 27. Ra1 {[%clk 0:01:56]}  Be6 {[%clk 0:03:29]} 28. f3 {[%clk 0:01:53]}  exf3 {[%clk 0:03:21]} 29. gxf3 {[%clk 0:01:53]}  Nxh2 {[%clk 0:03:18]} 30. Qxh2 {[%clk 0:01:53]}  Bd5 {[%clk 0:02:22]} 31. Kf2 {[%clk 0:01:33]}  f4 {[%clk 0:01:55]} 32. e4 {[%clk 0:00:36]}  Qg7 {[%clk 0:01:38]} 33. Rh1 {[%clk 0:00:37]}  Qxd4+ {[%clk 0:01:08]} 34. Ke1 {[%clk 0:00:39]}  Qe3+ {[%clk 0:01:07]} 35. Kf1 {[%clk 0:00:40]}  Bc4+ {[%clk 0:01:02]} 36. Nxc4 {[%clk 0:00:36]}  Qxf3+ {[%clk 0:01:02]} 37. Kg1 {[%clk 0:00:13]}  Qd1+ {[%clk 0:00:32]} 38. Kf2 {[%clk 0:00:14]}  Qd4+ {[%clk 0:00:17]} 39. Kf3 {[%clk 0:00:12]}  Qd3+ {[%clk 0:00:17]} 40. Kg4 {[%clk 0:00:09]}  Qd7+ {[%clk 0:00:17]} 41. Kf3 {[%clk 0:00:05]}  g4+ {[%clk 0:00:09]} 42. Ke2 {[%clk 0:00:06]}  Qg7 {[%clk 0:00:10]} 43. Ne5 {[%clk 0:00:04]}  f3+ {[%clk 0:00:11]} 44. Kf2 {[%clk 0:00:04]}  Rc8 {[%clk 0:00:09]} 45. Nxg4 {[%clk 0:00:04]}  Rc2+ {[%clk 0:00:10]} 46. Kxf3 {[%clk 0:00:05]}  Rxh2 {[%clk 0:00:11]} 47. Rxh2 {[%clk 0:00:06]}  Qc3+ {[%clk 0:00:13]} 48. Kf4 {[%clk 0:00:07]}  Qxa3 {[%clk 0:00:13]} 49. Kf5 {[%clk 0:00:07]}  Qf3+ {[%clk 0:00:12]} 50. Kg5 {[%clk 0:00:09]}  b4 {[%clk 0:00:12]} 51. e5 {[%clk 0:00:06]}  b3 {[%clk 0:00:13]} 52. e6 {[%clk 0:00:07]}  Kg7 {[%clk 0:00:12]} 53. Rd2 {[%clk 0:00:06]}  Qc6 {[%clk 0:00:09]} 54. Rd7+ {[%clk 0:00:07]}  Kf8 {[%clk 0:00:09]} 55. Kf6 {[%clk 0:00:06]}  Qf3+ {[%clk 0:00:09]} 56. Kg5 {[%clk 0:00:06]}  b2 {[%clk 0:00:08]} 57. Nf6 {[%clk 0:00:07]}  Qg3+ {[%clk 0:00:07]} 58. Kh5 {[%clk 0:00:04]}  Qh3+ {[%clk 0:00:08]} 59. Kg5 {[%clk 0:00:04]}  Qxe6 {[%clk 0:00:10]} 60. Nh7+ {[%clk 0:00:03]}  Ke8 {[%clk 0:00:10]} 61. Rb7 {[%clk 0:00:03]}  Qe5+ {[%clk 0:00:11]} 62. Kg6 {[%clk 0:00:04]}  Qe4+ {[%clk 0:00:12]} 0-1


[Site "Internet"]

[Event "Chessable Masters - Torneo preliminare"]
[White "Kosteniuk, Alexandra"]
[Black "Abdusattorov, Nodirbek"]
[WhiteFideId "4128125"]
[BlackFideId "14204118"]
[WhiteElo "2524"]
[BlackElo "2714"]
[Result "0-1"]
[Round "3"]
[TimeControl "600+2"]
[Date "2023.03.13"]
[WhiteClock "0:00:28"]
[BlackClock "0:04:13"]

1. e4 {[%clk 0:09:31]}  c5 {[%clk 0:09:59]} 2. Nf3 {[%clk 0:09:30]}  d6 {[%clk 0:09:58]} 3. d4 {[%clk 0:09:27]}  cxd4 {[%clk 0:10:00]} 4. Nxd4 {[%clk 0:09:28]}  Nf6 {[%clk 0:10:02]} 5. Nc3 {[%clk 0:09:30]}  g6 {[%clk 0:10:03]} 6. Be3 {[%clk 0:09:30]}  Bg7 {[%clk 0:10:05]} 7. f3 {[%clk 0:09:31]}  O-O {[%clk 0:10:06]} 8. Qd2 {[%clk 0:09:33]}  Nc6 {[%clk 0:10:08]} 9. O-O-O {[%clk 0:09:34]}  h5 {[%clk 0:10:10]} 10. Bc4 {[%clk 0:08:06]}  Bd7 {[%clk 0:10:09]} 11. Kb1 {[%clk 0:07:52]}  Rc8 {[%clk 0:10:05]} 12. Bb3 {[%clk 0:07:52]}  Na5 {[%clk 0:10:04]} 13. h4 {[%clk 0:07:47]}  Nc4 {[%clk 0:09:54]} 14. Bxc4 {[%clk 0:07:47]}  Rxc4 {[%clk 0:09:56]} 15. Nde2 {[%clk 0:07:43]}  b5 {[%clk 0:09:47]} 16. g4 {[%clk 0:06:47]}  b4 {[%clk 0:08:03]} 17. Nd5 {[%clk 0:06:38]}  Nxd5 {[%clk 0:08:05]} 18. exd5 {[%clk 0:06:13]}  hxg4 {[%clk 0:08:03]} 19. Nd4 {[%clk 0:03:22]}  Qa5 {[%clk 0:07:04]} 20. h5 {[%clk 0:03:03]}  Qxd5 {[%clk 0:05:37]} 21. hxg6 {[%clk 0:02:54]}  fxg6 {[%clk 0:05:38]} 22. Qh2 {[%clk 0:02:54]}  Qe5 {[%clk 0:04:36]} 23. Qe2 {[%clk 0:01:11]}  Rxd4 {[%clk 0:04:24]} 24. Rxd4 {[%clk 0:01:10]}  Rxf3 {[%clk 0:04:26]} 25. Rxb4 {[%clk 0:01:01]}  Rxe3 {[%clk 0:04:16]} 26. Rb8+ {[%clk 0:01:01]}  Kf7 {[%clk 0:04:18]} 27. Qc4+ {[%clk 0:00:33]}  d5 {[%clk 0:04:17]} 28. Rf1+ {[%clk 0:00:27]}  Bf5 {[%clk 0:04:18]} 29. Qb4 {[%clk 0:00:28]}  a5 {[%clk 0:04:13]} 0-1


[Site "Internet"]

[Event "Chessable Masters - Torneo preliminare"]
[White "Mikaelyan, Arman"]
[Black "Le, Quang Liem"]
[WhiteFideId "13304852"]
[BlackFideId "12401137"]
[WhiteElo "2456"]
[BlackElo "2661"]
[Result "0-1"]
[Round "3"]
[TimeControl "600+2"]
[Date "2023.03.13"]
[WhiteClock "0:00:04"]
[BlackClock "0:02:19"]

1. d4 {[%clk 0:09:40]}  Nf6 {[%clk 0:10:00]} 2. c4 {[%clk 0:09:41]}  e6 {[%clk 0:10:02]} 3. Nf3 {[%clk 0:09:38]}  d5 {[%clk 0:10:01]} 4. Nc3 {[%clk 0:09:36]}  dxc4 {[%clk 0:10:02]} 5. e4 {[%clk 0:09:35]}  Bb4 {[%clk 0:10:03]} 6. Bxc4 {[%clk 0:09:30]}  Nxe4 {[%clk 0:10:04]} 7. O-O {[%clk 0:09:16]}  Nxc3 {[%clk 0:10:05]} 8. bxc3 {[%clk 0:09:07]}  Be7 {[%clk 0:10:06]} 9. Ne5 {[%clk 0:07:41]}  O-O {[%clk 0:10:06]} 10. Re1 {[%clk 0:06:37]}  Nd7 {[%clk 0:09:04]} 11. Bf4 {[%clk 0:06:10]}  c5 {[%clk 0:08:56]} 12. Nxd7 {[%clk 0:04:35]}  Bxd7 {[%clk 0:08:55]} 13. d5 {[%clk 0:04:36]}  Bf6 {[%clk 0:08:48]} 14. Rc1 {[%clk 0:03:48]}  exd5 {[%clk 0:08:01]} 15. Bxd5 {[%clk 0:03:42]}  Bc6 {[%clk 0:08:00]} 16. Bxc6 {[%clk 0:03:39]}  bxc6 {[%clk 0:08:02]} 17. Bd6 {[%clk 0:03:29]}  Re8 {[%clk 0:07:57]} 18. Bxc5 {[%clk 0:03:06]}  Qa5 {[%clk 0:07:49]} 19. Rxe8+ {[%clk 0:02:24]}  Rxe8 {[%clk 0:07:51]} 20. Qd7 {[%clk 0:02:22]}  Rd8 {[%clk 0:07:37]} 21. Qxa7 {[%clk 0:02:22]}  Qxc3 {[%clk 0:07:37]} 22. Rf1 {[%clk 0:02:23]}  h5 {[%clk 0:07:23]} 23. h3 {[%clk 0:02:13]}  Rd5 {[%clk 0:07:13]} 24. Be3 {[%clk 0:02:00]}  Be5 {[%clk 0:06:47]} 25. Qa8+ {[%clk 0:01:53]}  Kh7 {[%clk 0:06:48]} 26. Qe8 {[%clk 0:01:53]}  Kg6 {[%clk 0:05:46]} 27. a4 {[%clk 0:01:54]}  Qc4 {[%clk 0:05:40]} 28. Qa8 {[%clk 0:01:01]}  Kh7 {[%clk 0:05:24]} 29. a5 {[%clk 0:00:53]}  Bh2+ {[%clk 0:05:15]} 30. Kxh2 {[%clk 0:00:52]}  Qxf1 {[%clk 0:05:17]} 31. a6 {[%clk 0:00:42]}  Rd6 {[%clk 0:04:11]} 32. a7 {[%clk 0:00:39]}  Rg6 {[%clk 0:04:12]} 33. g3 {[%clk 0:00:39]}  h4 {[%clk 0:04:11]} 34. g4 {[%clk 0:00:24]}  Rf6 {[%clk 0:04:12]} 35. Qe8 {[%clk 0:00:08]}  Rxf2+ {[%clk 0:04:03]} 36. Bxf2 {[%clk 0:00:10]}  Qxf2+ {[%clk 0:04:05]} 37. Kh1 {[%clk 0:00:12]}  Qxa7 {[%clk 0:03:57]} 38. Qxc6 {[%clk 0:00:08]}  Qe3 {[%clk 0:03:52]} 39. Qg2 {[%clk 0:00:03]}  Kh6 {[%clk 0:03:48]} 40. Kh2 {[%clk 0:00:05]}  Qf4+ {[%clk 0:03:48]} 41. Kh1 {[%clk 0:00:06]}  g6 {[%clk 0:03:43]} 42. Kg1 {[%clk 0:00:08]}  Qe3+ {[%clk 0:03:44]} 43. Kh2 {[%clk 0:00:08]}  f6 {[%clk 0:03:42]} 44. Kh1 {[%clk 0:00:08]}  Kg5 {[%clk 0:03:39]} 45. Qd5+ {[%clk 0:00:09]}  Kf4 {[%clk 0:03:37]} 46. Qd6+ {[%clk 0:00:11]}  Kf3 {[%clk 0:03:22]} 47. Qxf6+ {[%clk 0:00:03]}  Kg3 {[%clk 0:03:22]} 48. Qd6+ {[%clk 0:00:02]}  Kxh3 {[%clk 0:03:14]} 49. Qh2+ {[%clk 0:00:03]}  Kxg4 {[%clk 0:03:15]} 50. Qg2+ {[%clk 0:00:04]}  Kf5 {[%clk 0:03:07]} 51. Qd5+ {[%clk 0:00:04]}  Qe5 {[%clk 0:03:08]} 52. Qf7+ {[%clk 0:00:05]}  Kg5 {[%clk 0:03:08]} 53. Qg8 {[%clk 0:00:04]}  h3 {[%clk 0:03:01]} 54. Qd8+ {[%clk 0:00:04]}  Qf6 {[%clk 0:02:49]} 55. Qd2+ {[%clk 0:00:03]}  Qf4 {[%clk 0:02:49]} 56. Qd5+ {[%clk 0:00:04]}  Kh6 {[%clk 0:02:48]} 57. Qa8 {[%clk 0:00:03]}  Qf1+ {[%clk 0:02:46]} 58. Kh2 {[%clk 0:00:05]}  Qf5 {[%clk 0:02:22]} 59. Qh8+ {[%clk 0:00:05]}  Kg5 {[%clk 0:02:23]} 60. Qd8+ {[%clk 0:00:06]}  Qf6 {[%clk 0:02:20]} 61. Qa5+ {[%clk 0:00:04]}  Kg4 {[%clk 0:02:19]} 0-1


[Site "Internet"]

[Event "Chessable Masters - Torneo preliminare"]
[White "Michalik, Peter"]
[Black "Ponkratov, Pavel"]
[WhiteFideId "14907526"]
[BlackFideId "4157800"]
[WhiteElo "2526"]
[BlackElo "2586"]
[Result "1-0"]
[Round "3"]
[TimeControl "600+2"]
[Date "2023.03.13"]
[WhiteClock "0:00:11"]
[BlackClock "0:00:15"]

1. e4 {[%clk 0:09:56]}  e6 {[%clk 0:09:54]} 2. d4 {[%clk 0:09:55]}  d5 {[%clk 0:09:55]} 3. Nc3 {[%clk 0:09:56]}  Bb4 {[%clk 0:09:55]} 4. exd5 {[%clk 0:09:52]}  exd5 {[%clk 0:09:56]} 5. Bd3 {[%clk 0:09:52]}  c6 {[%clk 0:09:57]} 6. Nf3 {[%clk 0:09:52]}  Bg4 {[%clk 0:09:56]} 7. O-O {[%clk 0:09:52]}  Ne7 {[%clk 0:09:56]} 8. Bf4 {[%clk 0:09:40]}  Bd6 {[%clk 0:09:54]} 9. Bg3 {[%clk 0:09:37]}  Bxg3 {[%clk 0:09:54]} 10. hxg3 {[%clk 0:09:37]}  Nd7 {[%clk 0:09:53]} 11. Re1 {[%clk 0:09:36]}  h5 {[%clk 0:09:39]} 12. Qd2 {[%clk 0:09:35]}  Bxf3 {[%clk 0:09:38]} 13. gxf3 {[%clk 0:09:36]}  h4 {[%clk 0:09:39]} 14. Qg5 {[%clk 0:09:13]}  Kf8 {[%clk 0:09:38]} 15. Re3 {[%clk 0:09:03]}  hxg3 {[%clk 0:09:13]} 16. fxg3 {[%clk 0:08:56]}  Ng8 {[%clk 0:09:06]} 17. Qf4 {[%clk 0:08:43]}  Qb8 {[%clk 0:08:51]} 18. Ne2 {[%clk 0:08:19]}  Ngf6 {[%clk 0:08:37]} 19. Re1 {[%clk 0:08:15]}  Qxf4 {[%clk 0:08:14]} 20. Nxf4 {[%clk 0:08:15]}  Rd8 {[%clk 0:08:15]} 21. Bf5 {[%clk 0:08:07]}  Nb6 {[%clk 0:08:13]} 22. b3 {[%clk 0:08:08]}  Ne8 {[%clk 0:08:05]} 23. Kg2 {[%clk 0:07:54]}  Nd6 {[%clk 0:08:05]} 24. Bh3 {[%clk 0:07:55]}  g6 {[%clk 0:07:48]} 25. Nd3 {[%clk 0:07:50]}  Nb5 {[%clk 0:07:42]} 26. Re7 {[%clk 0:07:49]}  Rb8 {[%clk 0:07:12]} 27. c3 {[%clk 0:04:42]}  Nxc3 {[%clk 0:07:02]} 28. a4 {[%clk 0:04:43]}  Ne4 {[%clk 0:06:58]} 29. Rc7 {[%clk 0:04:43]}  Na8 {[%clk 0:06:09]} 30. Rd7 {[%clk 0:04:25]}  Nf6 {[%clk 0:05:56]} 31. Rde7 {[%clk 0:04:00]}  Ne4 {[%clk 0:03:26]} 32. Rd7 {[%clk 0:03:32]}  Nf6 {[%clk 0:03:23]} 33. Rde7 {[%clk 0:03:30]}  Ne4 {[%clk 0:03:24]} 34. Re5 {[%clk 0:03:12]}  Nf6 {[%clk 0:03:21]} 35. Nc5 {[%clk 0:02:40]}  Nc7 {[%clk 0:03:16]} 36. Re7 {[%clk 0:02:38]}  Re8 {[%clk 0:03:13]} 37. Rxe8+ {[%clk 0:02:33]}  Nfxe8 {[%clk 0:03:08]} 38. Nxb7 {[%clk 0:02:33]}  Na6 {[%clk 0:02:48]} 39. Bd7 {[%clk 0:01:38]}  Nf6 {[%clk 0:02:47]} 40. Bxc6 {[%clk 0:01:39]}  Nb4 {[%clk 0:02:49]} 41. Bb5 {[%clk 0:01:39]}  Nc2 {[%clk 0:02:50]} 42. Rc1 {[%clk 0:01:27]}  Nxd4 {[%clk 0:02:49]} 43. Rc7 {[%clk 0:01:17]}  Rh7 {[%clk 0:01:59]} 44. Nd8 {[%clk 0:01:14]}  a5 {[%clk 0:01:57]} 45. Ra7 {[%clk 0:01:14]}  Nxb3 {[%clk 0:01:56]} 46. Nc6 {[%clk 0:01:13]}  d4 {[%clk 0:01:34]} 47. Ne5 {[%clk 0:01:05]}  Nd5 {[%clk 0:01:23]} 48. Nxg6+ {[%clk 0:00:56]}  Kg7 {[%clk 0:01:24]} 49. Ne5 {[%clk 0:00:56]}  Ne3+ {[%clk 0:01:24]} 50. Kg1 {[%clk 0:00:57]}  Kf6 {[%clk 0:01:25]} 51. Nd7+ {[%clk 0:00:45]}  Kg5 {[%clk 0:01:21]} 52. f4+ {[%clk 0:00:42]}  Kh6 {[%clk 0:01:15]} 53. Nf6 {[%clk 0:00:42]}  Rg7 {[%clk 0:01:10]} 54. Kf2 {[%clk 0:00:39]}  Nd2 {[%clk 0:00:48]} 55. Ra6 {[%clk 0:00:32]}  Rg6 {[%clk 0:00:47]} 56. Bd3 {[%clk 0:00:33]}  Rxf6 {[%clk 0:00:15]} 57. Rxf6+ {[%clk 0:00:32]}  Kg7 {[%clk 0:00:17]} 58. Ra6 {[%clk 0:00:30]}  Nb3 {[%clk 0:00:18]} 59. Ra7 {[%clk 0:00:31]}  Nc5 {[%clk 0:00:19]} 60. Bb5 {[%clk 0:00:26]}  Ne4+ {[%clk 0:00:20]} 61. Kf3 {[%clk 0:00:25]}  Nd2+ {[%clk 0:00:21]} 62. Ke2 {[%clk 0:00:26]}  Ne4 {[%clk 0:00:22]} 63. Rxa5 {[%clk 0:00:25]}  Nxg3+ {[%clk 0:00:21]} 64. Kf3 {[%clk 0:00:24]}  Ngf5 {[%clk 0:00:20]} 65. Bd3 {[%clk 0:00:25]}  Ne7 {[%clk 0:00:21]} 66. Ra7 {[%clk 0:00:22]}  Nc6 {[%clk 0:00:22]} 67. Rc7 {[%clk 0:00:18]}  Nb4 {[%clk 0:00:23]} 68. Bc4 {[%clk 0:00:18]}  Kg6 {[%clk 0:00:19]} 69. a5 {[%clk 0:00:18]}  Nf5 {[%clk 0:00:16]} 70. a6 {[%clk 0:00:15]}  d3 {[%clk 0:00:15]} 71. Bxd3 {[%clk 0:00:11]} 1-0


[Site "Internet"]